Nazwij markę tramwaju - Statystyki

Ogólne statystyki
  • Ten quiz został rozwiązany 15 razy
  • Średni wynik to 7 z 12
Statystyki odpowiedzi
Obrazkowy Odpowiedź % Poprawnych
Konstal
91%
Pesa
82%
Duewag
73%
Hyundai
64%
Moderus/Modertrans
64%
Solaris
64%
Škoda
55%
Tatra
55%
Siemens
45%
Bombardier
36%
HCP
18%
Hitachi
9%
Nie znaleziono quizów pasujących do podanych kryteriów
Rozkład punktacji
Procent ludzi z każdym wynikiem
Percentyl według liczby udzielonych odpowiedzi
Twoja historia wyników
Nie rozwiązałeś tego quizu